Normal view
MARC view
- قياس التحصيل-التربية-عمليات التعلم-أساليب التدريب
Entry Topical Term
001 - CONTROL NUMBER
- control field: 29383
003 - CONTROL NUMBER IDENTIFIER
- control field: JO-AjAnu
005 - DATE AND TIME OF LATEST TRANSACTION
- control field: 20230606074952.0
008 - FIXED-LENGTH DATA ELEMENTS
- fixed length control field: 230606|| aca||aabn | a|a d
040 ## - CATALOGING SOURCE
- Original cataloging agency: JO-AjAnu
- Transcribing agency: JO-AjAnu
150 ## - HEADING--TOPICAL TERM
- Topical term or geographic name entry element: قياس التحصيل-التربية-عمليات التعلم-أساليب التدريب
670 ## - SOURCE DATA FOUND
- Source citation: Work cat.: (JO-AjAnu)15084: علام،صلاح الدين محمود, author 29382, القياس والتقويم التربوي في العملية التدريسية